00877nam a22002417a 450000500170000001000130001702000110003003500130004103700160005404000120007008200170008210000240009924500710012326000400019427000560023430000270029050000190031765000240033665000250036094200260038599900190041195202050043020170124105950.0 aB-063321 c100.00 aB-063321 bCen Lib/Ret aDPLbEN a340.115bSIN aSingh, P. K.913307 aSupreme court on human rights and social justice /cby P. K. Singh aHaryanabAllahabad Law Agencyc2001 aPlot No. 33, 16/2, Mathura Road, FaridabadbHaryana axxviii,144p.c24cm(Hb) aIncludes index aHuman Rights913308 aSocial justice93680 2ddccENh340.115mSIN c125185d125185 04104070aLbLd2015-06-20eCen Lib/Retg100.00l1o340.115 SINpB-063321r2019-01-19 00:00:00s2019-01-12t1v100.00w2015-06-20yENzWritten off on approval by DLB (By Circulation); dtd 15-06-2023